[Event "Bayern-chI Bank Hofmann"]
[Site "Bad Wiessee"]
[Date "1997.11.16"]
[Round "2"]
[White "Dautov, Rustem"]
[Black "Oparaugo, Thomas"]
[Result "1-0"]
[WhiteElo "2595"]
[BlackElo "2140"]

1.d4 d5 2.c4 c6 3.Nf3 Nf6 4.Nc3 e6 5.e3 Nbd7 6.Bd3 Bd6 7.e4 dxe4 8.Nxe4 Nxe4
9.Bxe4 h6 10.c5 Bc7 11.O-O O-O 12.Bc2 b6 13.b4 Ba6 14.Re1 Bc4 15.Be4 Bd5
16.Bxd5 cxd5 17.Rb1 a5 18.c6 Nf6 19.b5 Ne4 20.Ba3 Nc3 21.Qd3 Nxb1 22.Bxf8 Qxf8
23.Qxb1 Qb4 24.Qd3 Qb2 25.a4 Qa2 26.Qd1 Re8 27.g3 Qc4 28.Nh4 Kf8 29.Ng2 Qb4
30.Ne3 Rd8 31.h4 Re8 32.h5 Rd8 33.Re2 Re8 34.Qd3 f5 35.Nxd5  1-0

[Event "Bayern-chI Bank Hofmann"]
[Site "Bad Wiessee"]
[Date "1997.11.16"]
[Round "2"]
[White "Alterman, Boris"]
[Black "Enigl, Karl"]
[Result "1-0"]
[WhiteElo "2615"]
[BlackElo "2200"]

1.d4 d5 2.c4 e6 3.Nc3 c6 4.e3 Nf6 5.Nf3 Nbd7 6.Bd3 dxc4 7.Bxc4 b5 8.Bd3 a6
9.e4 c5 10.d5 Qc7 11.O-O c4 12.dxe6 fxe6 13.Bc2 Bb7 14.Nd4 Nc5 15.Be3 Be7
16.b4 cxb3 17.axb3 e5 18.Nf5 O-O 19.b4 Ne6 20.Bb3 Qxc3 21.Bxe6+ Kh8 22.Nxe7 Qxb4
23.Nf5 Qxe4 24.f3 Qc6 25.Nd6 Nd5 26.Bxd5  1-0

[Event "CZE-chT 9798"]
[Site "CZE"]
[Date "1997.11.16"]
[Round "2"]
[White "Konopka, Michal"]
[Black "Jirovsky, Milos"]
[Result "1/2-1/2"]
[WhiteElo "2445"]
[BlackElo "2435"]

1.Nf3 d5 2.d4 Nf6 3.c4 c6 4.Nc3 e6 5.e3 Nbd7 6.Qc2 Bd6 7.g4 h6 8.Bd2 Qe7
9.h3 b6 10.O-O-O Bb7 11.cxd5 cxd5 12.Bd3 a6 13.Kb1 b5 14.Rc1 Rc8  1/2-1/2

[Event "Bayern-chI Bank Hofmann"]
[Site "Bad Wiessee"]
[Date "1997.11.19"]
[Round "5"]
[White "Duppel, Matthias"]
[Black "Gebhard, Thomas"]
[Result "1-0"]
[WhiteElo "2315"]
[BlackElo "2190"]

1.Nf3 Nf6 2.c4 e6 3.Nc3 d5 4.d4 c6 5.e3 Bd6 6.Qc2 Nbd7 7.Bd3 O-O 8.O-O dxc4
9.Bxc4 e5 10.h3 exd4 11.Nxd4 Ne5 12.Be2 Re8 13.b3 a6 14.Rd1 Qe7 15.Bb2 g6
16.a3 c5 17.Nf3 Rb8 18.Nd5 Nxd5 19.Rxd5 Nxf3+ 20.Bxf3 Be6 21.Qc3 f6 22.Rxd6 Qxd6
23.Qxf6 Re7 24.Be5 Rf8 25.Qxf8+  1-0

[Event "GER-ch"]
[Site "Gladenbach"]
[Date "1997.11.19"]
[Round "3"]
[White "Maiwald, Jens Uwe"]
[Black "Luther, Thomas"]
[Result "1/2-1/2"]
[WhiteElo "2450"]
[BlackElo "2525"]

1.c4 c6 2.Nf3 d5 3.e3 Nf6 4.d4 e6 5.Nc3 Nbd7 6.Qc2 Bd6 7.Be2 O-O 8.O-O Re8
9.Rd1 b6 10.b3 Bb7 11.Bb2 Qe7 12.e4 Nxe4 13.Nxe4 dxe4 14.Qxe4  1/2-1/2

[Event "Maroczy mem"]
[Site "Szeged"]
[Date "1997.11.19"]
[Round "6"]
[White "Wells, Peter K"]
[Black "Ivanisevic, Ivan"]
[Result "1-0"]
[WhiteElo "2530"]
[BlackElo "2540"]

1.d4 d5 2.c4 c6 3.Nc3 Nf6 4.e3 e6 5.Nf3 Nbd7 6.Bd3 dxc4 7.Bxc4 b5 8.Bd3 a6
9.e4 c5 10.e5 cxd4 11.Nxb5 axb5 12.exf6 gxf6 13.O-O Qb6 14.Qe2 Ba6 15.Rd1 Nc5
16.Nxd4 Rd8 17.Be3 Nxd3 18.Qxd3 Qb7 19.Qb3 Rg8 20.f3 Rd5 21.Rac1 Qd7 22.Ne2 Rxd1+
23.Rxd1 Qc8 24.Nc3 Bb7 25.Qxb5+ Bc6 26.Qe2 Qb7 27.Ne4 Be7 28.Kh1 f5 29.Nd6+ Bxd6
30.Rxd6 h5 31.Bc5 Rg6 32.Qe5  1-0

[Event "Bayern-chI Bank Hofmann"]
[Site "Bad Wiessee"]
[Date "1997.11.20"]
[Round "6"]
[White "Gabriel, Christian"]
[Black "Waitzkin, Joshua"]
[Result "1-0"]
[WhiteElo "2575"]
[BlackElo "2435"]

1.c4 c6 2.d4 d5 3.Nf3 Nf6 4.Nc3 e6 5.e3 Nbd7 6.Bd3 dxc4 7.Bxc4 b5 8.Bd3 a6
9.e4 c5 10.d5 Qc7 11.dxe6 fxe6 12.O-O Bb7 13.Bc2 O-O-O 14.Ng5 Ne5 15.Qe1 Qb6
16.Bf4 Nd3 17.Qe3 Nxf4 18.Qxf4 Bd6 19.e5 Bb8 20.Nxe6 Rde8 21.Nxg7 Rxe5 22.Bf5+ Kd8
23.Rad1+ Ke7 24.Rfe1 Qc7 25.Nh5 Kf7 26.Bg6+ Kxg6 27.Qxf6+ Kxh5 28.Rxe5+ Qxe5
29.Qf7+ Kh6 30.Qxb7 Qxh2+ 31.Kf1 Rg8 32.Qf3 Be5 33.Nd5 Bd4 34.Ne7 Rd8 35.Qc6+ Kg5
36.Rd3 Qh1+ 37.Ke2 Qh5+ 38.Rf3 Qg4 39.Kf1 Be5 40.Qxc5 Qe4 41.Re3 Rd1+ 42.Ke2 Qg4+
43.f3 Qxg2+ 44.Kxd1 Qg1+ 45.Kc2 Qf2+ 46.Kd3 Qf1+ 47.Ke4  1-0

[Event "Bayern-chI Bank Hofmann"]
[Site "Bad Wiessee"]
[Date "1997.11.23"]
[Round "9"]
[White "Koenig, Dietrich"]
[Black "Heimrath, Reiner"]
[Result "0-1"]
[WhiteElo "2310"]
[BlackElo "2125"]

1.d4 c6 2.c4 d5 3.e3 Nf6 4.Nc3 e6 5.Nf3 Nbd7 6.Qc2 a6 7.b3 Bd6 8.Be2 O-O
9.Bb2 Re8 10.O-O dxc4 11.bxc4 e5 12.c5 Bc7 13.dxe5 Nxe5 14.Nxe5 Bxe5 15.Na4 Qc7
16.Bxe5 Qxe5 17.Rfd1 Be6 18.Rab1 Bf5 19.Bd3 Ng4 20.g3 Bxd3 21.Qxd3 Qh5 22.h4 Ne5
23.Qd6 Qg4 24.Nb6 Qh3 25.Qxe5 Rxe5 26.Nxa8 h6 27.Nb6 g5 28.Nd7 Re7 29.Rxb7 Kg7
30.h5 Qxh5 31.Rd6 Qf3 32.Rb8 Re6 33.Rxe6 Qd1+ 34.Kh2 fxe6 35.Ne5 Qc2 36.Kg1 Qd1+
37.Kg2 Qc2 38.Kg1 h5 39.Rb7+ Kg8 40.Nxc6 Qxc5 41.Nd4 Qc1+ 42.Kg2 e5 43.Rb8+ Kf7
44.Nf5 Qc2 45.Nd6+ Ke7 46.Rb6 Qxa2 47.Nf5+ Kd7 48.Rg6 g4 49.Ng7 a5 50.Nxh5 Qf7
51.Ra6 Qxh5 52.Rxa5 Qf5 53.Ra7+ Kc6 54.Ra6+ Kc5 55.Ra5+ Kb4 56.Ra7 Qf3+ 57.Kg1 Qc6
58.Rg7 Qc8 59.Re7 Qc1+ 60.Kg2 Qc6+ 61.Kg1 Qd6 62.Rg7 Kc3 63.Kg2 Qc6+ 64.Kg1 Kd2
65.Ra7 Ke2 66.Ra1 Qb7 67.e4 Qb2 68.Ra7 Qb1+  0-1

[Event "GER-ch"]
[Site "Gladenbach"]
[Date "1997.11.23"]
[Round "7"]
[White "Bischoff, Klaus"]
[Black "Mueller, Karsten"]
[Result "1/2-1/2"]
[WhiteElo "2535"]
[BlackElo "2505"]

1.d4 d5 2.c4 c6 3.Nc3 Nf6 4.e3 e6 5.Nf3 Nbd7 6.Qc2 Bd6 7.Be2 O-O 8.b3 e5
9.Bb2 e4 10.Nd2 Re8 11.cxd5 cxd5 12.Nb5 Nb8 13.Nxd6 Qxd6 14.h3 Nc6 15.O-O Bf5
16.Qc5 Qd7 17.Ba3 Rad8 18.Kh2 Qc7+ 19.Kg1 Qd7 20.Kh2 h5 21.Rfc1 Re6 22.b4 a6
23.b5 axb5 24.Qxb5 Qc7+ 25.Kg1 Nh7 26.Rab1 Rd7 27.Nc4 Bxh3 28.Ne5 Rxe5 29.dxe5 Ng5
30.Rxc6 Qxe5 31.Rd6 Rxd6 32.Bxd6 Qxd6 33.Qxb7 Qg6 34.Qb8+ Kh7 35.gxh3 d4
36.exd4 e3 37.fxe3 Qe4 38.Rb3 Qh4 39.Qb7 Qe1+ 40.Bf1 Qg3+ 41.Qg2 Nxh3+ 42.Kh1 Nf2+
43.Kg1 Nh3+  1/2-1/2

[Event "Asker 75th"]
[Site "Asker"]
[Date "1997.11.26"]
[Round "5"]
[White "Ostenstad, Berge"]
[Black "Gausel, Einar"]
[Result "0-1"]
[WhiteElo "2465"]
[BlackElo "2540"]

1.d4 d5 2.c4 c6 3.Nc3 Nf6 4.e3 e6 5.Nf3 Nbd7 6.Qc2 Bd6 7.Bd3 O-O 8.O-O dxc4
9.Bxc4 Qe7 10.a3 a6 11.Ba2 c5 12.dxc5 Bxc5 13.b4 Ba7 14.Bb2 b5 15.Ne4 Bb7
16.Nxf6+ Nxf6 17.Ng5 e5 18.Qf5 Rae8 19.Rac1 h6 20.Nf3 Bb8 21.Nh4 Bd5 22.Bxd5 Nxd5
23.Qe4 Qe6 24.Nf5 Nf6 25.Qf3 Rc8 26.e4 Kh7 27.Rfd1 Rfd8 28.Rxc8 Rxc8 29.Ne3 Ba7
30.h3 Bxe3 31.Qxe3 Rc2 32.Bc1 Qc4 33.f3 Re2 34.Qc5 Qa2 35.Qxe5 Rxg2+ 36.Kh1  0-1

[Event "Elgoibar"]
[Site "Elgoibar"]
[Date "1997.11.30"]
[Round "4"]
[White "Izeta Txabarri, Felix"]
[Black "Korneev, Oleg"]
[Result "0-1"]
[WhiteElo "2525"]
[BlackElo "2565"]

1.d4 d5 2.c4 e6 3.Nf3 Nf6 4.Nc3 c6 5.e3 Nbd7 6.Bd3 dxc4 7.Bxc4 b5 8.Bd3 a6
9.e4 c5 10.e5 cxd4 11.Ne4 Nd5 12.O-O h6 13.a4 b4 14.a5 Bb7 15.Bb1 Qc7 16.Qxd4 Nc5
17.Nxc5 Bxc5 18.Qd3 O-O-O 19.Qe2 g5 20.h3 Rhg8 21.Bd3 g4 22.hxg4 Rxg4 23.Bxa6 Rdg8
24.Bxb7+ Kxb7 25.Ng5 Rg3 26.Kh2 R3xg5 27.Bxg5 hxg5 28.Qb5+ Ka7 29.Rfc1 Nc3
30.bxc3 Qxe5+ 31.g3 Qd5  0-1

[Event "AUT-chT3 9798"]
[Site "Vorarlberg "]
[Date "1997.12.05"]
[Round "5"]
[White "Bezler, Rainer"]
[Black "Schmidlechner, Alexander"]
[Result "1-0"]
[WhiteElo "2245"]
[BlackElo "2134"]

1.d4 d5 2.c4 c6 3.Nc3 Nf6 4.Nf3 e6 5.e3 Nbd7 6.Bd3 dxc4 7.Bxc4 b5 8.Bd3 Bb7
9.O-O Be7 10.Qe2 O-O 11.e4 b4 12.Na4 Qa5 13.b3 c5 14.e5 Nd5 15.Qe4 g6 16.Bg5 Qd8
17.Qh4 cxd4 18.Rae1 Re8 19.Bxe7 Qxe7 20.Ng5 Nf8 21.Re4 Kg7 22.Qg3 h6 23.Nf3 Nc3
24.Rxd4 Nxa4 25.bxa4 Red8 26.Rd6 Rxd6 27.exd6 Qf6 28.Ne5 Rd8 29.f4 Rxd6 30.f5 exf5
31.Rxf5 Qxf5 32.Bxf5 Rd1+ 33.Kf2 Rd2+ 34.Ke1 Rxg2 35.Qb3 Rg1+ 36.Kf2 Rg2+
37.Ke3 Kf6 38.Qxf7+ Kxe5 39.Qxb7 Rxa2 40.Qe7+ Kxf5 41.Qf7+  1-0

[Event "AUT-chT2S 9798"]
[Site "Austria"]
[Date "1997.12.06"]
[Round "5"]
[White "Hafner, Robert"]
[Black "Egartner, Wolfgang"]
[Result "1-0"]
[WhiteElo "2065"]
[BlackElo "2165"]

1.d4 d5 2.c4 e6 3.Nc3 c6 4.e3 Nf6 5.Nf3 Nbd7 6.Bd3 dxc4 7.Bxc4 b5 8.Bd3 a6
9.O-O c5 10.e4 cxd4 11.Nxd4 e5 12.Nf3 Bc5 13.Bg5 Qb6 14.Qe2 O-O 15.Bxf6 Qxf6
16.Nd5 Qd6 17.Rfd1 Nf6 18.Ne3 Qb6 19.a4 Bxe3 20.fxe3 Bg4 21.axb5 axb5 22.Rxa8 Rxa8
23.Bxb5 Nxe4 24.Bc4 Nd6 25.Bd5 Rb8 26.h3 Bxf3 27.gxf3 Qxb2 28.Qxb2 Rxb2 29.Bc6 Kf8
30.Rxd6 Ke7 31.Rd7+ Ke6 32.Rb7 Rc2 33.Ba4 Rc3 34.Kf2 h5 35.Bb3+ Kf6 36.Rxf7+ Kg6
37.Rb7 h4 38.Ke2 Kf6 39.Kd2 Rc6 40.Kd3 Rd6+ 41.Ke4 Rc6 42.Bd5  1-0

[Event "AUT-chT2S 9798"]
[Site "Austria"]
[Date "1997.12.06"]
[Round "5"]
[White "Tabernig, Bernhard"]
[Black "Perhinig, Robert"]
[Result "1/2-1/2"]
[WhiteElo "2310"]
[BlackElo "2185"]

1.d4 d5 2.c4 c6 3.Nf3 Nf6 4.Nc3 e6 5.e3 Nbd7 6.Bd3 dxc4 7.Bxc4 b5 8.Bd3 a6
9.e4 c5 10.e5 cxd4 11.Nxb5 axb5 12.exf6 Qb6 13.fxg7 Bxg7 14.O-O Bb7 15.Qe2 b4
16.Bf4 O-O 17.Rfe1 Ra5 18.Nd2 Rfa8 19.Nc4 Qc6 20.Be4 Qxe4 21.Qxe4 Bxe4 22.Nxa5 Bd5
23.Nb3 d3 24.Rad1 Rxa2 25.Nc1 Rxb2 26.Nxd3 Rb3 27.Bd6 Bf8 28.Bxf8 Kxf8 29.Nf4 Nf6
30.Rb1 Rxb1 31.Rxb1 e5 32.Nd3 Be4 33.Rb3 Bxd3 34.Rxd3 Ke7 35.f3 Ke6 36.Kf2 Nd5
37.Rd2 f5 38.g4 fxg4 39.fxg4 e4 40.Kg3 Ke5 41.h4 e3 42.Rb2 Kd4 43.Kf3 Kc3
44.Rb1 b3 45.g5 Kc2 46.Rh1 b2 47.h5 b1=Q 48.Rxb1 Kxb1 49.h6 Kc2 50.g6 e2
51.gxh7 e1=Q 52.h8=Q Qe3+ 53.Kg4 Qf4+ 54.Kh3 Qf5+ 55.Kg3 Qg5+ 56.Kh2 Qh4+
57.Kg2 Qg4+ 58.Kf2 Qf4+ 59.Kg1 Qg3+ 60.Kf1 Qd3+ 61.Kf2 Qd2+ 62.Kg3 Qe3+ 63.Kg4 Qe6+
64.Kg3 Qg6+ 65.Kf3 Qh5+ 66.Kg3 Qg5+ 67.Kh2  1/2-1/2

[Event "FIDE Candidates (Women)"]
[Site "Groningen"]
[Date "1997.12.12"]
[Round "4"]
[White "Peng, Zhaoqin"]
[Black "Galliamova, Alisa"]
[Result "0-1"]
[WhiteElo "2400"]
[BlackElo "2445"]

1.Nf3 d5 2.d4 Nf6 3.c4 c6 4.Nc3 e6 5.e3 Nbd7 6.Qc2 b6 7.Bd2 Bb7 8.cxd5 exd5
9.Bd3 Be7 10.O-O O-O 11.Ne5 Nxe5 12.dxe5 Ng4 13.Bxh7+ Kh8 14.Qd1 Bc8 15.Bc2 g6
16.Ne2 Nxe5 17.Bc3 Bf6 18.Nf4 Kg7 19.Qe2 a5 20.Rfd1 Ba6 21.Qe1 Rh8 22.e4 d4
23.Bxd4 Nf3+ 24.gxf3 Bxd4 25.Ng2 Rh3 26.Qd2 c5 27.Qf4 Be2 28.Re1 Rxf3 29.Rxe2 Rxf4
30.Nxf4 Qg5+ 31.Ng2 Rh8  0-1

[Event "FIDE Candidates (Women)"]
[Site "Groningen"]
[Date "1997.12.15"]
[Round "6"]
[White "Kachiani Gersinska, Ketino"]
[Black "Galliamova, Alisa"]
[Result "0-1"]
[WhiteElo "2415"]
[BlackElo "2445"]

1.d4 d5 2.c4 c6 3.Nf3 Nf6 4.Nc3 e6 5.e3 Nbd7 6.Qc2 b6 7.Bd3 Bb7 8.O-O Bd6
9.Rd1 Qe7 10.b3 O-O 11.Bb2 h6 12.e4 dxe4 13.Nxe4 Nxe4 14.Bxe4 Nf6 15.Ne5 Nxe4
16.Qxe4 c5 17.Qg4 cxd4 18.Bxd4 Qg5 19.h4 Qxg4 20.Nxg4 Rfd8 21.Be5 Be7 22.h5 Bc6
23.Ne3 f5 24.Nc2 Be8 25.Rxd8 Rxd8 26.Nd4 Bd6 27.Bxd6 Rxd6 28.Nb5 Rd7 29.Re1 Kf7
30.f3 Kf6 31.g4 a6 32.Nc3 Rd3 33.Nd5+ exd5 34.Rxe8 dxc4 35.bxc4 Rxf3 36.gxf5 Rxf5
37.Rb8 b5 38.Rb6+ Kf7 39.Rxa6 bxc4 40.Ra7+ Kf6 41.Rc7 Rxh5 42.Rc6+ Kf7 43.Rc7+ Kg6
44.Rc6+ Kh7 45.Rxc4 Rh3 46.Ra4 h5 47.Kg2 Rc3 48.Ra8 Kh6 49.Ra6+ g6 50.Ra4 Rc5
51.Rf4 Kg5 52.Ra4 h4 53.Kh3 Rc3+ 54.Kg2 Kh5 55.Rb4 Rc2+ 56.Kh3 g5 57.Rb5 Rc3+
58.Kh2 Ra3 59.Rb2 g4 60.Rb5+ Kg6 61.Kg1 h3 62.Kh2 Rxa2+ 63.Kg3 Rg2+ 64.Kh4 h2
65.Rb1 Kf5  0-1

[Event "Karpov GM"]
[Site "Singapore"]
[Date "1997.12.24"]
[Round "14"]
[White "Marentek, Hanny"]
[Black "Handoko, Edhi"]
[Result "0-1"]
[WhiteElo "2405"]
[BlackElo "2470"]

1.d4 d5 2.c4 e6 3.Nc3 c6 4.Nf3 Nf6 5.e3 Nbd7 6.Bd3 Bd6 7.O-O O-O 8.Qc2 dxc4
9.Bxc4 e5 10.Rd1 Qe7 11.h3 e4 12.Ng5 Nb6 13.Bb3 Bf5 14.f3 Nbd5 15.Ngxe4 Nxe4
16.Nxe4 Rae8 17.Qf2 Bxe4 18.fxe4 Qxe4 19.Bc2 Qe7 20.e4 Nb4 21.Bb1 c5 22.e5 Bb8
23.Qf5 g6 24.Qf6 Qxf6 25.exf6 Rd8 26.Bh6 Rfe8 27.a3 Nc6 28.d5 Nd4 29.Ba2 Be5
30.Rd2 Bxf6 31.Rf1 Nf5 32.Bf4 Bd4+ 33.Kh2 Re4 34.Bc7 Rd7 35.Bb1 Re8 36.Bxf5 gxf5
37.d6 f4 38.g3 fxg3+ 39.Kxg3 f6 40.Rf3 Rg7+  0-1

[Event "Reggio Emilia9798 40th"]
[Site "Reggio Emilia"]
[Date "1997.12.27"]
[Round "2"]
[White "Efimov, Igor"]
[Black "Komarov, Dimitri"]
[Result "1/2-1/2"]
[WhiteElo "2540"]
[BlackElo "2600"]

1.d4 d5 2.c4 c6 3.Nc3 Nf6 4.Nf3 e6 5.e3 Nbd7 6.Qc2 Bd6 7.Be2 O-O 8.O-O Qe7
9.Rd1 Re8 10.h3 b6 11.e4 Nxe4 12.Nxe4 dxe4 13.Qxe4 Bb7 14.Bf4 Bxf4 15.Qxf4 c5
16.Qc7 Nf8 17.Qxe7 Rxe7 18.dxc5  1/2-1/2

[Event "EUCup final"]
[Site "Kazan"]
[Date "1997.12.28"]
[Round "1"]
[White "Bareev, Evgeny"]
[Black "Chernin, Alexander"]
[Result "1/2-1/2"]
[WhiteElo "2670"]
[BlackElo "2640"]

1.d4 d5 2.c4 c6 3.Nf3 Nf6 4.Nc3 e6 5.e3 Nbd7 6.Bd3 dxc4 7.Bxc4 b5 8.Bd3 a6
9.e4 c5 10.e5 cxd4 11.Nxb5 Ng4 12.Qa4 Bb7 13.Nbxd4 Qb6 14.O-O Bc5 15.h3 Bxf3
16.hxg4 Bd5 17.Nf3 Qb7 18.Qf4 O-O 19.Qh2 f5 20.exf6 Nxf6 21.g5 Ne4 22.Be3 Bxe3
23.fxe3 Qxb2 24.g6 h6 25.Bxe4 Bxe4 26.Qe5 Qxe5 27.Nxe5 Rac8 28.Rf4 Rxf4 29.exf4 Kf8
30.Rd1 Bd5 31.a4 Ke7 32.Rb1 h5 33.Rb6 Kf6 34.g4 hxg4 35.Nxg4+  1/2-1/2

[Event "Rishon Le Ziyyon 9798"]
[Site "Rishon Le Ziyyon"]
[Date "1997.12.28"]
[Round "4"]
[White "Golod, Vitali"]
[Black "Fridman, Daniel"]
[Result "1-0"]
[WhiteElo "2515"]
[BlackElo "2480"]

1.d4 d5 2.c4 c6 3.Nf3 Nf6 4.Nc3 e6 5.e3 Nbd7 6.Qc2 Bd6 7.Bd3 O-O 8.O-O e5
9.cxd5 cxd5 10.e4 exd4 11.Nxd5 Nxd5 12.exd5 h6 13.Nxd4 Qh4 14.Nf3 Qh5 15.Bh7+ Kh8
16.Qf5 g5 17.b3 Kg7 18.Bb2+ f6 19.Qe6 Bf4 20.Qe4 Nc5 21.Qe7+ Rf7 22.Qxc5 Kxh7
23.Rfe1 Bg4 24.Re7 Bxf3 25.Rxf7+ Kg8 26.h3 Kxf7 27.Re1 Rf8 28.Ba3 Ra8 29.Qc2 Rh8
30.Re7+  1-0

[Event "Viking op"]
[Site "Aaland-Stockholm"]
[Date "1997.??.??"]
[Round "?"]
[White "Gurevich, Mikhail"]
[Black "Sveshnikov, Evgeny"]
[Result "1-0"]
[WhiteElo "2620"]
[BlackElo "2570"]

1.d4 d5 2.c4 e6 3.Nc3 Nf6 4.Nf3 c6 5.e3 Nbd7 6.Qc2 Bd6 7.Be2 O-O 8.O-O Re8
9.Rd1 Qe7 10.h3 h6 11.a3 dxc4 12.Bxc4 e5 13.Nh4 Nf8 14.dxe5 Bxe5 15.Nf3 Bxc3
16.Qxc3 Ne4 17.Qc2 Bf5 18.Nd4 Bg6 19.f3 c5 20.Nb5 Nd6 21.e4 Nxc4 22.Qxc4 Red8
23.Be3 b6 24.Nc3 Kh8 25.Nd5 Qb7 26.b4 cxb4 27.axb4 Rd7 28.Qa6 Rb8 29.Qxb7 Rbxb7
30.Rdc1 Ne6 31.Rc6 Nc7 32.Nf4 Bh7 33.g4 Bg8 34.Rac1 Kh7 35.h4 f6 36.g5 Ne8
37.g6+ Kh8 38.Rc8 Nd6 39.Ra8 Rbc7 40.Rxc7 Rxc7 41.Rd8 Nb7 42.Ra8 Nd6 43.Nd5 Rc8
44.Rxa7 b5 45.h5 Nf5 46.Bc5 Ng3 47.Nf4  1-0

[Event "Viking op"]
[Site "Aaland-Stockholm"]
[Date "1997.??.??"]
[Round "?"]
[White "Nielsen, Peter Heine"]
[Black "Baumegger, Siegfried"]
[Result "1/2-1/2"]
[WhiteElo "2515"]
[BlackElo "2485"]

1.Nf3 Nf6 2.c4 c6 3.Nc3 d5 4.e3 e6 5.d4 Nbd7 6.Bd2 Bd6 7.Bd3 O-O 8.O-O dxc4
9.Bxc4 e5 10.Qc2 Qe7 11.Bb3 e4 12.Ng5 Bxh2+ 13.Kxh2 Ng4+ 14.Kg1 Qxg5 15.Qxe4 Ndf6
16.Qf4 Qxf4 17.exf4 Nh6 18.d5 cxd5 19.Nxd5 Nxd5 20.Bxd5 Be6 21.Bxe6 fxe6
22.Rfe1 Kf7 23.Re4 Rac8 24.Bc3 Rfd8 25.Rae1 Rc6 26.Rb4 Rd7 27.Ree4 Nf5 28.Rec4 Ne7
29.Rxc6 Nxc6 30.Rc4 g6 31.Kf1 Rd5 32.Ke2 Ke7 33.Re4 Kf7 34.Re3 b5 35.b3 a6
36.Bb2 Ke7 37.Rh3 h5 38.Rg3 Kf7 39.Rc3 Nd4+ 40.Ke1 Nf5 41.Rc7+ Ke8 42.Ra7 Rd6
43.Ke2 Rc6 44.Kd3 Rd6+ 45.Kc2 Rc6+ 46.Kb1 Nh4 47.g3 Nf3 48.Bf6 Ne1 49.Re7+ Kf8
50.Rd7 Ke8 51.Rd1 Nc2 52.Kb2 Nb4 53.Rd8+ Kf7 54.Bc3 Nd5 55.Bd2 Kf6 56.f3 Ke7
57.Rh8 Kf6 58.g4 Kg7 59.Rd8 h4 60.Rd7+ Kg8 61.f5 h3 62.fxg6 Rc7 63.Rxc7 Nxc7
64.Bf4 Nd5 65.Be5 Ne3 66.Kc3 Nf1 67.Kd3 h2 68.Bxh2 Nxh2 69.Ke2 e5 70.Kf2 Kg7  1/2-1/2

[Event "Viking op"]
[Site "Aaland-Stockholm"]
[Date "1997.??.??"]
[Round "?"]
[White "Gleizerov, Evgeny"]
[Black "Rausis, Igors"]
[Result "1/2-1/2"]
[WhiteElo "2560"]
[BlackElo "2490"]

1.d4 d5 2.c4 c6 3.Nf3 Nf6 4.Nc3 e6 5.e3 Nbd7 6.Bd3 dxc4 7.Bxc4 b5 8.Be2 b4
9.Na4 Qa5 10.O-O Ba6 11.b3 Be7 12.Nb2 Bxe2 13.Qxe2 O-O 14.Nc4 Qb5 15.Bb2 a5
16.a4 bxa3 17.Bxa3  1/2-1/2

[Event "Viking op"]
[Site "Aaland-Stockholm"]
[Date "1997.??.??"]
[Round "?"]
[White "Bagirov, Vladimir"]
[Black "Rantanen, Yrjo A"]
[Result "1-0"]
[WhiteElo "2495"]
[BlackElo "2345"]

1.d4 d5 2.c4 c6 3.Nf3 Nf6 4.Nc3 e6 5.e3 Nbd7 6.Qc2 a6 7.b3 Bd6 8.Be2 O-O
9.O-O Qe7 10.Rd1 Re8 11.a4 a5 12.Bb2 dxc4 13.bxc4 e5 14.h3 e4 15.Nd2 Nf8
16.c5 Bc7 17.Nc4 Ng6 18.Nd6 Bxd6 19.cxd6 Qxd6 20.d5 Nxd5 21.Nxe4 Qe7 22.Ng3 Qg5
23.Kh2 Nh4 24.Rd4 Bf5 25.Qd2 Be4 26.Rg1 Bg6 27.Rg4 Qe7 28.Qd4  1-0

[Event "Aarhus"]
[Site "Aarhus"]
[Date "1997.??.??"]
[Round "3"]
[White "Kristinasson, Baldur"]
[Black "Jensen, Jacob Bjerre"]
[Result "0-1"]
[WhiteElo "2210"]
[BlackElo "2205"]

1.d4 d5 2.Nf3 Nf6 3.c4 c6 4.Nc3 e6 5.e3 Nbd7 6.Qc2 Bd6 7.b3 O-O 8.Bb2 Qe7
9.Bd3 a6 10.a4 b6 11.O-O Bb7 12.e4 dxc4 13.bxc4 e5 14.Ne2 Rad8 15.d5 Rc8
16.Ng3 g6 17.Qd2 Ne8 18.Qh6 Nc5 19.Bc2 a5 20.Rfe1 Ba6 21.Nd2 Nd7 22.Rac1 Bb4
23.Ngf1 Nd6 24.Re3 f6 25.Bd3 Nc5 26.Be2 Nxa4 27.Ba1 cxd5 28.Bg4 dxc4 29.Bxc8 Rxc8
30.Nb1 Nc5 31.Qh4 Nb3 32.Rxb3 cxb3 33.Rd1 Bxf1  0-1

[Event "Skolernes Skakklub op"]
[Site "Aarhus"]
[Date "1997.??.??"]
[Round "6"]
[White "Jepsen, Thomas"]
[Black "Christensen, Thomas"]
[Result "1/2-1/2"]
[WhiteElo "2115"]
[BlackElo "2250"]

1.d4 d5 2.c4 c6 3.Nf3 Nf6 4.Nc3 e6 5.e3 Nbd7 6.Be2 dxc4 7.Bxc4 b5 8.Bd3 a6
9.O-O Bb7 10.Bd2 c5 11.Rc1 Be7 12.Bb1 O-O 13.Ne5 Nxe5 14.dxe5 Nd7 15.Ne4 Qc7
16.Bc3 Nxe5 17.Qh5 Ng6 18.f4 Rfd8 19.f5 Rd5 20.Ng3 exf5 21.Nxf5 Bf8 22.Rf3 Rad8
23.Rh3 h6 24.Qg4 Qd7 25.Bc2 Qe6 26.Rf1 R5d7 27.Nxh6+ gxh6 28.Qxe6 fxe6 29.Rg3 b4
30.Rxg6+ Bg7 31.Be5  1/2-1/2

[Event "Skolernes Skakklub op"]
[Site "Aarhus"]
[Date "1997.??.??"]
[Round "8"]
[White "Volzhin, Alexander"]
[Black "Kupreichik, Viktor D"]
[Result "1-0"]
[WhiteElo "2505"]
[BlackElo "2500"]

1.d4 d5 2.c4 c6 3.Nc3 Nf6 4.e3 e6 5.Nf3 Nbd7 6.Bd3 dxc4 7.Bxc4 b5 8.Bd3 a6
9.e4 c5 10.d5 c4 11.dxe6 cxd3 12.exd7+ Qxd7 13.O-O Bb7 14.Re1 Rd8 15.e5 Nd5
16.Ne4 Bb4 17.Bg5 O-O 18.Bxd8 Rxd8 19.Qxd3 Bxe1 20.Rxe1 Qg4 21.Qd4 Qg6 22.h3 h6
23.Nd6 Ba8 24.Nh4 Qg5 25.Re4 f5 26.Nf3 Qg6 27.Re1 Nc7 28.Qe3 Nd5 29.Qd2 Nb6
30.Qf4 Qe6 31.Nd4 Qd5 32.f3 Rf8 33.e6  1-0

[Event "Andorra op"]
[Site "Andorra"]
[Date "1997.??.??"]
[Round "3"]
[White "Giorgadze, Giorgi"]
[Black "Fressinet, Laurent"]
[Result "1/2-1/2"]
[WhiteElo "2595"]
[BlackElo "2320"]

1.d4 d5 2.c4 c6 3.Nc3 Nf6 4.e3 e6 5.Nf3 Nbd7 6.Qc2 Bd6 7.Bd3 O-O 8.O-O h6
9.b3 Qe7 10.e4 dxe4 11.Nxe4 Nxe4 12.Bxe4 c5 13.Bb2 cxd4 14.Nxd4 Nc5 15.Bh7+ Kh8
16.Rfe1 e5 17.Nf5 Bxf5 18.Bxf5 a5 19.Rad1 Rad8 20.Rd5 Rfe8 21.f4 e4 22.Qf2 Qf8
23.Bd4 Nd3 24.Qh4 Kg8 25.Rxe4 Rxe4 26.Bxe4 Nxf4 27.Rg5 g6 28.Kf1 Ne6 29.Rd5 Nxd4
30.Rxd4 Be7 31.Qf2 Rxd4 32.Qxd4 Bc5 33.Qd5 Qe7 34.g3 Qf6+ 35.Kg2 b6  1/2-1/2

[Event "Ankara"]
[Site "Ankara"]
[Date "1997.??.??"]
[Round "2"]
[White "Guseinov, Aidyn"]
[Black "Ipek, Ali"]
[Result "1-0"]
[WhiteElo "2430"]
[BlackElo "2300"]

1.d4 d5 2.c4 c6 3.Nc3 Nf6 4.Nf3 e6 5.e3 Nbd7 6.Qc2 Bd6 7.Bd3 O-O 8.O-O h6
9.Rd1 Qe7 10.c5 Bc7 11.e4 dxe4 12.Nxe4 Nxe4 13.Bxe4 e5 14.Re1 Qf6 15.d5 cxd5
16.Bxd5 Rd8 17.b4 Nf8 18.Be4 Bg4 19.Bb2 Bxf3 20.Bxf3 Ng6 21.Rad1 Nf4 22.Qe4 Rab8
23.Bxe5 Bxe5 24.Qxe5 Qxe5 25.Rxe5 Nd3 26.Re7 Nxb4 27.Rxd8+ Rxd8 28.Rxb7 Rd4
29.Kf1 Rc4 30.Ke2 Nxa2 31.c6 a5 32.Bd5 Nc1+ 33.Ke3 Rc5 34.Kd4 Rc2 35.Rb8+  1-0

[Event "Lost Boys 5th"]
[Site "Antwerp"]
[Date "1997.??.??"]
[Round "5"]
[White "Van der Sterren, Paul"]
[Black "Novikov, Igor A"]
[Result "1/2-1/2"]
[WhiteElo "2555"]
[BlackElo "2590"]

1.d4 d5 2.c4 e6 3.Nc3 c6 4.e3 Nf6 5.Nf3 Nbd7 6.Bd3 dxc4 7.Bxc4 b5 8.Bd3 Bb7
9.O-O b4 10.Ne4 Be7 11.Nxf6+ Nxf6 12.e4 O-O 13.Qe2 c5 14.dxc5 Rc8 15.Rd1 Qc7
16.a3 bxa3 17.b4 a5 18.bxa5 Qxa5 19.Bxa3 Bxc5 20.Bb2 Qc7 21.Bxf6 gxf6 22.Ba6 Ra8
23.Bxb7 Rxa1 24.Rxa1 Qxb7 25.g3 Rd8 26.Kg2 Qb3 27.Ng1 Qc3 28.Ra4 Bxf2 29.Rc4 Qe1
30.Qxe1 Bxe1 31.Nf3 Ba5 32.g4 Rd7 33.Ra4 Bb6 34.Rb4 Be3 35.Kg3 Kg7 36.Rb3 Bc5
37.Rc3 Ba7 38.Rb3 Rc7 39.h4 Rc4 40.e5 fxe5 41.Nxe5 Rc7 42.g5 h5 43.Nd3 Bd4
44.Kf3 Rc4 45.Rb4 Rxb4 46.Nxb4 Bc5 47.Nd3 Bd6 48.Ne1 Kf8 49.Ng2 Ke7 50.Ke4 Bh2
51.Kf3 Kd6 52.Ke4 Be5 53.Ne3 Bc3 54.Ng2 Be5 55.Ne3 Bg3 56.Nf5+ exf5+ 57.Kxf5 Bxh4
58.g6 Bf6 59.gxf7 Ke7 60.Kf4  1/2-1/2

[Event "GER-ch U20"]
[Site "Apolda"]
[Date "1997.??.??"]
[Round "2"]
[White "Gottschlich, Carsten"]
[Black "Naumann, Alexander"]
[Result "1/2-1/2"]
[WhiteElo "2225"]
[BlackElo "2380"]

1.d4 d5 2.c4 e6 3.Nc3 c6 4.e3 Nf6 5.Nf3 Nbd7 6.Qc2 Bd6 7.b3 O-O 8.Be2 Re8
9.O-O Qe7 10.Rd1 dxc4 11.bxc4 e5 12.Rb1 b6 13.a4 e4 14.Nd2 Nf8 15.Nf1 h5
16.a5 Bc7 17.Qb3 h4 18.Ba3 Qd7 19.d5 c5 20.Qb5 Be5  1/2-1/2

[Event "Arco di Trento op1"]
[Site "Arco di Trento"]
[Date "1997.??.??"]
[Round "7"]
[White "Wohl, Aleksandar H"]
[Black "Tischbierek, Raj"]
[Result "1-0"]
[WhiteElo "2425"]
[BlackElo "2490"]

1.d4 d5 2.c4 c6 3.Nc3 Nf6 4.Nf3 e6 5.e3 Nbd7 6.Bd3 dxc4 7.Bxc4 b5 8.Bd3 Bb7
9.a3 b4 10.axb4 Bxb4 11.O-O O-O 12.e4 Be7 13.e5 Nd5 14.Ne4 h6 15.Bb1 Re8
16.Nfd2 c5 17.Nc4 cxd4 18.Ned6 Qc7 19.Qd3 f5 20.exf6 N5xf6 21.Nxe8 Rxe8 22.Qxd4 Qc6
23.Ne3 Bc5 24.Qa4 Qc7 25.Bd2 Nb6 26.Qh4 Qc6 27.Qg3 Nh5 28.Qg6 Nf4 29.Qh7+ Kf7
30.Bc3 Rg8 31.Rxa7 Kf8 32.Rd1 Bxe3 33.Be4 Nbd5 34.fxe3  1-0